Abraham Lincoln : (Record no. 4489)

MARC details
000 -LEADER
fixed length control field 00864cam a2200241 4500
001 - CONTROL NUMBER
control field 5347
005 - DATE AND TIME OF LATEST TRANSACTION
control field 20181127175348.0
008 - FIXED-LENGTH DATA ELEMENTS--GENERAL INFORMATION
fixed length control field 070924s2008 ilua b 001 0deng
010 ## - LIBRARY OF CONGRESS CONTROL NUMBER
LC control number 2007038565
020 ## - INTERNATIONAL STANDARD BOOK NUMBER
International Standard Book Number 141431342X (hardcover)
International Standard Book Number 9788184950427
043 ## - GEOGRAPHIC AREA CODE
Geographic area code n-us---
100 1# - MAIN ENTRY--PERSONAL NAME
Personal name Ostergard, Philip L.
245 14 - TITLE STATEMENT
Title Abraham Lincoln :
Remainder of title the inspirational wisdom of Abraham Lincoln /
Statement of responsibility, etc. Philip L. Ostergard.
260 ## - PUBLICATION, DISTRIBUTION, ETC.
Place of publication, distribution, etc. Ahmedabad :
Name of publisher, distributor, etc. Jaico Publishing House,
Date of publication, distribution, etc. 2015.
300 ## - PHYSICAL DESCRIPTION
Extent xx, 272 p. :
Other physical details ill. ;
Dimensions 24 cm.
600 10 - SUBJECT ADDED ENTRY--PERSONAL NAME
Personal name Lincoln, Abraham,
Dates associated with a name 1809-1865
Form subdivision Concordances.
Personal name Lincoln, Abraham,
Dates associated with a name 1809-1865
General subdivision Literary art.
Personal name Lincoln, Abraham,
Dates associated with a name 1809-1865
General subdivision Oratory.
Personal name Lincoln, Abraham,
Dates associated with a name 1809-1865
General subdivision Religion.
630 00 - SUBJECT ADDED ENTRY--UNIFORM TITLE
Uniform title Bible
Form subdivision Quotations.
650 #0 - SUBJECT ADDED ENTRY--TOPICAL TERM
Topical term or geographic name entry element Christianity and politics
Geographic subdivision United States
General subdivision History
Chronological subdivision 19th century.
Holdings
Withdrawn status Lost status Source of classification or shelving scheme Damaged status Not for loan Collection code Home library Current library Shelving location Date acquired Serial Enumeration / chronology Inventory number Total Checkouts Full call number Barcode Date last seen Date last checked out Price effective from Koha item type
    Dewey Decimal Classification     Main TEST RTC Library RTC Library Main opac 16/06/2021 8675 2 920 OST 30008880 23/06/2021 16/06/2021 27/11/2018 Main
Royal Thimphu College || All Right Reserved